000 00500nam a22001817a 4500
005 20220202095416.0
008 220202b ||||| |||| 00| 0 eng d
040 _cAL
041 _aEnglish
082 _223
_a891.7344
_bSOLL
100 _aAlexander Solzhenitsyn
_915706
245 _aLenin in Zurich:chapters
260 _aNew York
_bMcgraw-hill
_c1976
300 _a309 p.
_bHB
_c21x14 cm.
700 _aSOLZHENITSYN (Alexander)
_915704
700 _aWILLETTS (H T) tr
_915705
942 _2ddc
_cGF
999 _c221402
_d221402